| 000 | 00379nam a2200133Ia 4500 | ||
|---|---|---|---|
| 008 | 231129s9999||||xx |||||||||||||| ||spa|| | ||
| 020 | _a84-7291-768-1 | ||
| 040 | _bspa | ||
| 082 | _a942.062 G969h | ||
| 100 | _aGuizot Francois | ||
| 245 | 0 | _aHistoria de la revolucion de Inglaterra | |
| 264 | _aMadrid EspaƱa : Sarpe | ||
| 942 |
_2ddc _cBKS |
||
| 999 |
_c15164 _d15164 |
||